| 000 | 00851nam a2200289 4500 | ||
|---|---|---|---|
| 001 | |||
| 003 | DO-SdBNP | ||
| 005 | 20240118114424.0 | ||
| 008 | 140604s1997 sp 000 0 und d | ||
| 020 | _a0442267541 | ||
| 040 |
_aDO-SdBNP _bspa _cBPMSU |
||
| 082 | 4 |
_a657 _bN632m 1997 _222 |
|
| 100 | 1 | _aNickerson, Clarence B. | |
| 245 | 1 | 0 |
_aManual de contabilidad : _bpara no contadores / _cClarence B. Nickerson ; traductor y revisor José Anguera Torrents. |
| 260 |
_aBarcelona : _bOcéano, _c1997 |
||
| 300 |
_a619 p. ; _c24 cm. |
||
| 590 | _aInventariado, 2024/VM | ||
| 650 | 4 |
_aContabilidad. _vManuales |
|
| 700 | 1 |
_aAnguera Torrents, José _etraductor |
|
| 700 | 1 | _aNickerson, Clarence B. | |
| 710 | 2 | _aOcéano | |
| 852 | _t | ||
| 856 | _3 | ||
| 856 |
_u _a _b _c _d _f |
||
| 910 | _aVMateo V. control de calidad. BPMSU | ||
| 942 |
_2ddc _cBK |
||
| 999 |
_c13054 _d13054 |
||